Currently Neutral Countries - Statistics

General Stats
  • This quiz has been taken 185 times
  • The average score is 13 of 21
Answer Stats
Times of Neutrality Continent Country % Correct
1815 to present Europe Switzerland
97%
1814 to 1918, 1919 to present Europe Sweden
84%
1868 to present Europe Liechtenstein
81%
1815 to 1944, 1945 to present Europe San Marino
80%
1935 to 1939, 1956 to present Europe Finland
79%
1929 to present Europe Vatican City
78%
1814 to 1943, 1945 to present Europe Monaco
75%
1928 to 1938, 1955 to present Europe Austria
72%
1949 to present North America Costa Rica
68%
1939 to present Europe Ireland
66%
1980 to present Europe Malta
62%
1930 to 1942, 1945 to present North America Mexico
61%
1989 to present North America Panama
56%
1965 to present Asia Singapore
56%
1947 to present Asia Japan
50%
1994 to present Europe Moldova
46%
1914 to 1918, 2015 to present Asia Mongolia
44%
2007 to present Europe Serbia
42%
1995 to present Asia Turkmenistan
35%
2012 to present Asia Uzbekistan
33%
2009 to present Africa Rwanda
22%
No matching quizzes found
Score Distribution
Percent of People with Each Score
Percentile by Number Answered
Your Score History
You have not taken this quiz